00657nam a2200193Ia 4500008004100000020001500041082001500056100001500071245005100086250000600137260002900143300001500172500002400187650001400211942000700225952009500232952011900327999001700446230524s9999 xx 000 0 und d a8121905206 a620.1bKHU aR.S.Khurmi 0a"Theory of Structures, Revised ed. (SI Units)" a1 aNew DelhibS.Chandc2011 a"xx,702p;" aQuantity Number: 2 aMechanics cBK 00104070aTATCLbTATCLcGENd2023-05-24l0o620.1 KHUp46556r2023-05-24w2023-05-24yBK 00104070aTATCLbTATCLcGENd2023-05-24l1o620.1 KHUp46557q2018-08-10r2024-01-25s2024-01-25w2023-05-24yBK c52072d52072